000 00672nam a22002171c 4500
001 524444757
008 161128s2006 gw a||| 000u rus d
020 _a5235026780
_95-235-02678-0
041 _arus
100 1 _aNesterov, Michail V.
245 0 0 _aO perežitom :
_b1862 - 1917 gg. ; vospominanija /
_cMichail Nesterov. [Podgot. teksta M. I. ... Titovych ...]
264 _aMoskva :
_bMolodaja Gvardija,
_c2006
300 _a587 S : Ill
600 0 _aNesterov, Michail V.
655 0 _aErinnerung
700 1 _aTitova, M. I.
_eHerausgeberIn
942 _cMG
040 _cRU-10907106
003 RU-10907106
999 _c40009
_d40009
490 0 _aBiblioteka memuarov : blizkoe prošloe
_v19